| 000 | 01006nam a22002537a 4500 | ||
|---|---|---|---|
| 005 | 20150122170737.0 | ||
| 008 | 150115b2003 ck || |r|||| 00| 0 spa d | ||
| 020 | _a9386261 | ||
| 040 |
_aCO-BoIAVH _cCO-BoIAVH |
||
| 041 | _aspa | ||
| 044 | _ack | ||
| 090 |
_aEA _b00263 |
||
| 245 | _aZona Amortiguadora del Parque Nacional Natural Los Nevados Ganadería Sostenible y Corredores Biológicos | ||
| 260 |
_aCali : _bFundación CIPAV, _bCorporación Autónoma Regional de Risaralda-CARDER _c2003. |
||
| 300 |
_a26 pag _bIl., fot (col). _c22 cm. |
||
| 504 | _aIncluye referencias bibliográficas (pag 26) | ||
| 650 | 4 |
_aGanadería _xeducación ambiental _zParque Nacional Natural de los Nevados _932018 |
|
| 650 | 4 |
_aEcología del paisaje _xeducación ambiental _zParque Nacional Natural de los Nevados _zColombia _932019 |
|
| 700 | 1 |
_aCamargo, Juan Carlos _927230 |
|
| 700 | 1 |
_aGalindo Walter _921921 |
|
| 700 | 1 |
_aSánchez, Marisol _932020 |
|
| 700 | 1 |
_aVillegas, María Cecilia _93537 |
|
| 942 |
_2z _cLIBRO |
||
| 999 |
_c8977 _d8977 |
||